Massachusetts Attorney Generals - Statistics

General Stats
  • This quiz has been taken 3 times
  • The average score is 17 of 47
Answer Stats
Years Served Party Answer % Correct
2023 - Present Democrat Andrea Campbell
100%
1949 - 1953 Democrat Francis E. Kelly
67%
2015 - 2023 Democrat Maura Healey
67%
1858 - 1861 Republican Stephen Henry Phillips
67%
1891 - 1894 Republican Albert E. Pillsbury
33%
1887 - 1891 Republican Andrew J. Waterman
33%
1927 - 1928 Republican Arthur K. Reading
33%
1807 - 1810 Democratic Republican Barnabas Bidwell
33%
(Acting) 2023 Democrat Bessie Dewar
33%
1867 - 1872 Republican Charles Allen
33%
1872 - 1879 Republican Charles R. Train
33%
1864 - 1867 Republican Chester I. Reed
33%
1945 - 1949 Republican Clarence A. Barnes
33%
1906 - 1911 Republican Dana Malone
33%
1861 - 1864 Republican Dwight Foster
33%
1883 - 1887 Republican Edgar J. Sherman
33%
1958 - 1963 Democrat Edward J. McCormack Jr.
33%
1967 Republican Edward T. Martin
33%
1963 - 1967 Republican Edward W. Brooke
33%
1967 - 1969 Republican Elliot Richardson
33%
1975 - 1987 Democrat Francis X. Bellotti
33%
1953 - 1958 Republican George Fingold
33%
1879 - 1883 Republican George Marston
33%
1919 - 1920 Republican Henry A. Wyman
33%
1915 - 1919 Republican Henry Converse Atwill
33%
1902 - 1906 Republican Herbert Parker
33%
1894 - 1902 Republican Hosea M. Knowlton
33%
1911 - 1914 Republican James M. Swift
33%
1987 - 1991 Democrat James Shannon
33%
1890 - 1807 Democratic Republican James Sullivan
33%
1832 - 1843 National Republican James T. Austin
33%
1923 - 1927 Republican Jay R. Benton
33%
1849 - 1853 Whig John H. Clifford
33%
1854 - 1858 Whig John H. Clifford
33%
1928 - 1935 Republican Joseph E. Warner
33%
1920 - 1923 Republican J. Weston Allen
33%
(Acting) 2023 Indpenendent Kate R. Cook
33%
1991 - 1999 Democrat L. Scott Harshbarger
33%
2007 - 2015 Democrat Martha Coakley
33%
1935 - 1941 Democrat Paul A. Dever
33%
1810 - 1832 Democratic Republican Perez Morton
33%
1969 - 1975 Democrat Robert H. Quinn
33%
1941 - 1945 Republican Robert T. Bushnell
33%
1780 - 1790 Independent Robert Treat Paine
33%
1853 - 1854 Whig Rufus Choate
33%
1914 - 1915 Democrat Thomas J. Boynton
33%
1999 - 2007 Democrat Thomas Reilly
33%
No matching quizzes found
Score Distribution
Percent of People with Each Score
Percentile by Number Answered
Your Score History
You have not taken this quiz